00278nam a2200121Ia 4500008004100000100000900041245003500050260002900085300000800114650001000122942000700132999001700139190216s9999||||xx |||||||||||||| ||und|| aNull 0aHindi-Kaisar Nahi Sathyavnayem bMac Millian And Com. Ltd a224 aHindi cBK c15965d15965